El libro del sepulturero : (Record no. 196924)

MARC details
000 -LEADER
campo de control de longitud fija 01545nam a2200385 i 4500
001 - NÚMERO DE CONTROL
campo de control 196924
003 - IDENTIFICADOR DE NÚMERO DE CONTROL
campo de control SpMaBN
005 - FECHA Y HORA DE LA ÚLTIMA TRANSACCIÓN
campo de control 20250802063130.0
008 - DATOS DE LONGITUD FIJA--INFORMACIÓN GENERAL
campo de control de longitud fija 250203s2023 sp | |||| 000 f spa
015 ## - NÚMERO DE BIBLIOGRAFÍA NACIONAL
Número de bibliografía nacional MON23
017 ## - NÚMERO DE COPYRIGHT O DE DEPÓSITO LEGAL
Número de copyright o de depósito legal B 15514-2023
Agencia que asigna Oficina Depósito Legal Barcelona
020 ## - NÚMERO INTERNACIONAL ESTÁNDAR DEL LIBRO
Número Internacional Estándar del Libro 9788408278702
035 ## - NÚMERO DE CONTROL DEL SISTEMA
Número de control de sistema (SpMaBN)a7415526
040 ## - FUENTE DE CATALOGACIÓN
Centro catalogador/agencia de origen SpMaBN
Lengua de catalogación spa
Centro/agencia transcriptor SpMaBN
Normas de descripción rda
080 ## - NÚMERO DE LA CLASIFICACIÓN DECIMAL UNIVERSAL
Número de la Clasificación Decimal Universal 821.112.2-31"19"
100 1# - ENTRADA PRINCIPAL--NOMBRE DE PERSONA
Nombre de persona Pötzsch, Oliver,
Fechas asociadas al nombre 1970-
9 (RLIN) 239614
Término indicativo de función/relación Autor
240 14 - TÍTULO UNIFORME
Título uniforme Das Buch des Totengräbers: Ein Fall für Leopold von Herzfeldt
Lenguaje de la obra Español
245 13 - MENCIÓN DEL TÍTULO
Título El libro del sepulturero :
Resto del título misterio, venganza y muerte en la Viena de 1893 /
Mención de responsabilidad, etc. Oliver Pötzsch ; traducción de Héctor Piquer Minguijón
250 ## - MENCION DE EDICION
Mención de edición Primerra edición en colección Booket: octubre 2023
Resto de la mención de edición Segunda impresión: mayo 2024
264 #1 - PRODUCCIÓN, PUBLICACIÓN, DISTRIBUCIÓN, FABRICACIÓN Y COPYRIGHT
Producción, publicación, distribución, fabricación y copyright [Barcelona] :
Nombre del de productor, editor, distribuidor, fabricante Booket,
Fecha de producción, publicación, distribución, fabricación o copyright [2023].
264 #4 - PRODUCCIÓN, PUBLICACIÓN, DISTRIBUCIÓN, FABRICACIÓN Y COPYRIGHT
Fecha de producción, publicación, distribución, fabricación o copyright ©2022
300 ## - DESCRIPCIÓN FÍSICA
Extensión 526 páginas ;
Dimensiones 19 cm
336 ## - TIPO DE CONTENIDO
Término de tipo de contenido Texto
Fuente rdacontent
337 ## - TIPO DE MEDIO
Nombre/término del tipo de medio sin mediación
Fuente rdamedia
338 ## - TIPO DE SOPORTE
Nombre/término del tipo de soporte volumen
Fuente rdacarrier
655 #0 - TERMINO DE INDIZACIÓN--GENERO/FORMA
Datos o término principal de género/forma Novelas policiacas
Fuente del término tgfbne
9 (RLIN) 233840
700 1# - ENTRADA AGREGADA--NOMBRE PERSONAL
Nombre de persona Piquer Minguijón, Héctor
9 (RLIN) 154987
Término indicativo de función/relación Traductor
852 ## - LOCALIZACIÓN
Ubicación ES-MaACL
Ubicación en estantería Depósito J
Número de control de estantería N-10288
Donativo/Legado Donación: José Lázaro García
Encuadernación Encuadernación rústica
itemnumber 206410
903 ## - NOMBRE PERSONAL DE DONANTE
9 234219
a Lázaro García, José
e Donante
942 ## - ELEMENTOS DE ENTRADA SECUNDARIOS (KOHA)
Tipo de ítem Koha Libro impreso
Suprimir en OPAC No
Holdings
Estatus retirado Estado de pérdida Fuente del sistema de clasificación o colocación Estado de daño No para préstamo Biblioteca de origen Biblioteca actual Ubicación en estantería Fecha de adquisición Fuente de adquisición Total de préstamos Signatura topográfica completa Código de barras Visto por última vez Precio de reemplazo Tipo de ítem Koha
    Clasificación decimal universal     Biblioteca del Ateneo de Madrid Biblioteca del Ateneo de Madrid Depósito J 31/07/2025 Donación   N-10288 2025-0793 31/07/2025 31/07/2025 Libro impreso